00701cam a22002291 450000100060000000300080000600500170001400800410003103500190007203500180009104000390010904100080014804200120015608200300016810000380019824500830023626000280031930000530034750400300040065000180043065000230044876722BD-RjUL20211209082858.0200114s1929 enkgh b 000 0 eng  a(BD-RjUL)76946 a(OCoLC)855650 aDLCcOKentUdOCoLCdICIUdDLCbeng aeng apremarc 223a782.1445802bFAH 19291 aFarmer, Henry George,d1882-1965.12aA history of Arabian music to the XIIIth century,/cby Henry George Farmer ... aLondon :bLuzac,c1929. axv, 264 p. :bfront., facsims. (music) ;c23 cm. aBibliography: p. 231-247. 0aArabsvMusic. 0aMusicians, Arabic.